01268cam a2200385 a 45000010005000000030006000050050017000110080041000280100017000690200015000860200018001010350013001190400018001320500018001500820014001681000015001822450022001972600037002193000058002564400040003145000049003545000064004035050007004675200072004745210027005465210018005736500029005916500019006206500022006396510021006616550076006827000060007587100029008187300035008479349FISKH20251211141801.0011212s1999 ctua b 000 1 eng  a 2001281238 a0717289079 a9780717289073 a12618388 aDLCcDLCbeng aPZ7 .D6255785 a 808.068  aAnonymous 00aDisney's Tarzan / aDanbury :bGrolier Books,c1999. a44 unnumbered pages : bcolor illustrations ; c23 cm 0aDisney's wonderful world of reading aAdapted from Tarzan by Edgar Rice Burroughs. aOriginally published: Copenhagen, Denmark : Egmont Gruppen. aO  aBurroughs' classic tale retold by Disney of a child raised by apes.8 a600 bLexile estimate 8 aO bRaz-Plus  1aFeral childrenvFiction. 1aApesvFiction. 1aJunglesvFiction. 1aAfricavFiction. 7aFiction.2lcgft0https://id.loc.gov/authorities/genreForms/gf20140263391 aBurroughs, Edgar Rice,d1875-1950.tTarzan of the apes.2 aWalt Disney Enterprises.0 aTarzan (Motion picture : 1999)